| 000 | 00556nmm a2200193Ia 4500 | ||
|---|---|---|---|
| 008 | 251105s9999||||xx |||||||||||||||||und|| | ||
| 020 | _a9788492536764 | ||
| 041 | _aspa | ||
| 100 | _aFernández García, Ana Mª | ||
| 245 | 0 | _aDecoración de interiores | |
| 264 |
_a[Madrid, España] : _bSeptem Ediciones, _c2012 |
||
| 300 | _a226 páginas | ||
| 490 | _aSeptem Universitas | ||
| 650 | _aDesign and fashion | ||
| 700 | _aFernández García, Ana Mª | ||
| 700 | 1 | _a et. al. | |
| 856 | _uhttps://public.digitaliapublishing.com/a/35532 | ||
| 942 | _cCF | ||
| 999 |
_c65340 _d65340 |
||